[Event "MVP-ch Seniors op 15th"]
[Site "Binz"]
[Date "2015.11.29"]
[Round "6.20"]
[White "Schreiber, Kurt"]
[Black "Jahns, Reiner"]
[Result "1-0"]
[WhiteElo "2037"]
[BlackElo "1807"]
[PlyCount "75"]
[EventDate "2015.11.24"]
[EventType "swiss"]
[EventRounds "9"]
[EventCountry "GER"]
[SourceTitle "EXT 2017"]
[Source "ChessBase"]
[SourceDate "2016.10.25"]
[SourceVersion "1"]
[SourceVersionDate "2016.10.25"]
[SourceQuality "1"]

1. Nf3 d5 2. c4 e6 3. b3 f5 4. g3 Nf6 5. Bg2 c6 6. 0-0 Bd6 7. Bb2 Nbd7 8. d3 0-0 9. Qc2 Qe7 10. Nc3 Ne5 11. Nxe5 Bxe5 12. e3 Ng4 13. Qe2 d4 14. exd4 Bxd4 15. Nd5 Qd6 16. Bxd4 exd5 17. cxd5 Bd7 18. Rac1 f4 19. h3 Rae8 20. Qd1 Ne5 21. Re1 fxg3 22. fxg3 Nf3+ 23. Bxf3 Qxg3+ 24. Bg2 Bxh3 25. Re2 Bg4 26. Rxe8 Rxe8 27. Qf1 Bh3 28. Bf2 Qg6 29. dxc6 bxc6 30. Re1 Rf8 31. Re3 Be6 32. Rg3 Qf6 33. Qe1 h5 34. Bc5 Rf7 35. Qe3 h4 36. Rf3 Qa1+ 37. Kh2 Rxf3 38. Qxe6+ 1-0

[Event "MVP-ch Seniors op 15th"]
[Site "Binz"]
[Date "2015.11.28"]
[Round "5.15"]
[White "Graubaum, Hans Joachim"]
[Black "Jahns, Reiner"]
[Result "1-0"]
[WhiteElo "1941"]
[BlackElo "1807"]
[PlyCount "69"]
[EventDate "2015.11.24"]
[EventType "swiss"]
[EventRounds "9"]
[EventCountry "GER"]
[SourceTitle "EXT 2017"]
[Source "ChessBase"]
[SourceDate "2016.10.25"]
[SourceVersion "1"]
[SourceVersionDate "2016.10.25"]
[SourceQuality "1"]

1. e4 g6 2. d4 Bg7 3. Nf3 d6 4. Nc3 Nc6 5. h3 e5 6. d5 Nd4 7. Be3 c5 8. dxc6 Nxc6 9. Bc4 Be6 10. Bxe6 fxe6 11. Qd2 Qe7 12. 0-0-0 Rd8 13. g4 Nf6 14. g5 Nh5 15. Nh2 0-0 16. h4 Nd4 17. Ne2 d5 18. c3 Nxe2+ 19. Qxe2 d4 20. Bd2 Qc5 21. Ng4 b5 22. Kb1 dxc3 23. Bxc3 Nf4 24. Qc2 Rc8 25. Qb3 Qc6 26. f3 Rcd8 27. Bxe5 Ng2 28. Bxg7 Kxg7 29. Nf6 Rxd1+ 30. Rxd1 Kh8 31. Rc1 Qd6 32. Qc3 e5 33. Qc7 Rxf6 34. gxf6 Qxf6 35. Qd7 1-0

[Event "MVP-ch Seniors op 15th"]
[Site "Binz"]
[Date "2015.11.25"]
[Round "2.15"]
[White "Jacob, Helmut"]
[Black "Jahns, Reiner"]
[Result "1-0"]
[WhiteElo "2002"]
[BlackElo "1807"]
[PlyCount "95"]
[EventDate "2015.11.24"]
[EventType "swiss"]
[EventRounds "9"]
[EventCountry "GER"]
[SourceTitle "EXT 2017"]
[Source "ChessBase"]
[SourceDate "2016.10.25"]
[SourceVersion "1"]
[SourceVersionDate "2016.10.25"]
[SourceQuality "1"]

1. e4 g6 2. d4 Bg7 3. Nc3 d6 4. Be3 Nc6 5. Qd2 e5 6. dxe5 Nxe5 7. h3 Be6 8. b3 Ne7 9. Rd1 0-0 10. Nge2 Qc8 11. Nf4 Bd7 12. Be2 Bc6 13. Nfd5 Re8 14. 0-0 a6 15. Bg5 Nxd5 16. Nxd5 Bxd5 17. Qxd5 Nc6 18. Qc4 Re5 19. Be3 Qe8 20. Bf3 b5 21. Qe2 Rd8 22. c4 bxc4 23. Qxc4 Ra5 24. Qc2 h5 25. Rd2 Qd7 26. Rc1 Ne5 27. Qxc7 Nxf3+ 28. gxf3 Qxc7 29. Rxc7 d5 30. exd5 Raxd5 31. Rxd5 Rxd5 32. Ra7 Rd6 33. b4 Bc3 34. Bc5 Rc6 35. Kf1 Re6 36. a4 Kg7 37. a5 Kf6 38. Rb7 Re1+ 39. Kg2 Rb1 40. b5 axb5 41. a6 Ra1 42. a7 Be5 43. f4 Bc3 44. Rb8 b4 45. a8Q Rxa8 46. Rxa8 b3 47. Rb8 b2 48. Ba3 1-0

[Event "MVP-ch Seniors op 15th"]
[Site "Binz"]
[Date "2015.11.24"]
[Round "1.65"]
[White "Jahns, Reiner"]
[Black "Schwenke, Norbert"]
[Result "1-0"]
[WhiteElo "1807"]
[BlackElo "1388"]
[PlyCount "95"]
[EventDate "2015.11.24"]
[EventType "swiss"]
[EventRounds "9"]
[EventCountry "GER"]
[SourceTitle "EXT 2017"]
[Source "ChessBase"]
[SourceDate "2016.10.25"]
[SourceVersion "1"]
[SourceVersionDate "2016.10.25"]
[SourceQuality "1"]

1. d4 c5 2. e3 e6 3. Bd3 Nc6 4. c3 a6 5. f4 b5 6. Nf3 c4 7. Bc2 Bb7 8. 0-0 Bd6 9. Nbd2 Nf6 10. Ne5 Ne7 11. e4 Bb8 12. Ng4 Nh5 13. Ne5 Nf6 14. Qe2 d6 15. Ng4 Nd7 16. Nf3 Qc7 17. f5 e5 18. Be3 Ba7 19. Rad1 f6 20. Kh1 Nc6 21. Bg1 Bb6 22. Ne3 Ne7 23. Qd2 0-0-0 24. b4 Qb8 25. Ra1 Bc7 26. a4 Nb6 27. d5 Na8 28. Ra3 Bb6 29. Rfa1 Nc7 30. Qe1 Kd7 31. Qg3 Rdg8 32. Qe1 Qe8 33. axb5 axb5 34. Nxc4 Bxg1 35. Qxg1 bxc4 36. Ba4+ Bc6 37. dxc6+ Kd8 38. b5 Nc8 39. b6 Qf7 40. bxc7+ Qxc7 41. Bb5 Qb8 42. Bxc4 Nb6 43. Rb3 Kc7 44. Bxg8 Rxg8 45. Rab1 Qa7 46. Rxb6 Rb8 47. Rb7+ Rxb7 48. Rxb7+ 1-0

[Event "MVP-ch Seniors op 14th"]
[Site "Binz"]
[Date "2014.11.30"]
[Round "6"]
[White "Jahns, Reiner"]
[Black "Fleischer, Matthias"]
[Result "0-1"]
[WhiteElo "1813"]
[BlackElo "1729"]
[PlyCount "70"]
[EventDate "2014.11.25"]
[EventType "swiss"]
[EventRounds "9"]
[EventCountry "GER"]
[SourceTitle "EXT 2016"]
[Source "ChessBase"]
[SourceDate "2015.10.08"]
[SourceVersion "1"]
[SourceVersionDate "2015.10.08"]
[SourceQuality "1"]

1. d4 Nf6 2. e3 b6 3. f4 Bb7 4. Nf3 e6 5. Bd3 d5 6. 0-0 Bd6 7. Nbd2 Nbd7 8. Ne5 Qe7 9. Qe2 a6 10. Qf3 c5 11. c3 0-0 12. g4 Ne8 13. Qh3 g6 14. Ndf3 f6 15. Nxd7 Qxd7 16. g5 f5 17. Ne5 Bxe5 18. fxe5 Qe7 19. Qg3 Ng7 20. Be2 a5 21. Rf4 Ba6 22. Bf3 Bd3 23. h4 Kh8 24. Kf2 Nh5 25. Bxh5 gxh5 26. Bd2 Be4 27. Ke2 Qd7 28. a4 b5 29. b3 bxa4 30. bxa4 Rab8 31. Qe1 Rb2 32. Qc1 Qb7 33. Rf1 Rb8 34. Kf2 Qa6 35. Qd1 Qd3 0-1

[Event "MVP-ch Seniors op 14th"]
[Site "Binz"]
[Date "2014.11.27"]
[Round "3"]
[White "Moews, Harald"]
[Black "Jahns, Reiner"]
[Result "0-1"]
[WhiteElo "1552"]
[BlackElo "1813"]
[PlyCount "44"]
[EventDate "2014.11.25"]
[EventType "swiss"]
[EventRounds "9"]
[EventCountry "GER"]
[SourceTitle "EXT 2016"]
[Source "ChessBase"]
[SourceDate "2015.10.08"]
[SourceVersion "1"]
[SourceVersionDate "2015.10.08"]
[SourceQuality "1"]

1. e4 g6 2. d4 Bg7 3. f4 d6 4. c3 Nf6 5. Bd3 e5 6. dxe5 dxe5 7. Bb5+ Bd7 8. fxe5 Nxe4 9. Bxd7+ Nxd7 10. Qg4 Nec5 11. Bg5 Nxe5 12. Bxd8 Nxg4 13. Bxc7 0-0 14. Ne2 Nd3+ 15. Kd2 Nxb2 16. h3 Nc4+ 17. Kd3 Nf2+ 18. Kxc4 Nxh1 19. Nf4 Rac8 20. Nd5 Rxc7+ 21. Nxc7 Rc8 22. Nd2 Rxc7+ 0-1

[Event "MVP-ch Seniors op 12th"]
[Site "Binz"]
[Date "2012.12.05"]
[Round "8"]
[White "Bussler, Juergen"]
[Black "Jahns, Reiner"]
[Result "1/2-1/2"]
[WhiteElo "1851"]
[BlackElo "1751"]
[PlyCount "113"]
[EventDate "2012.11.28"]
[EventType "swiss"]
[EventRounds "9"]
[EventCountry "GER"]
[SourceTitle "EXT 2014"]
[Source "ChessBase"]
[SourceDate "2013.11.20"]
[SourceVersion "1"]
[SourceVersionDate "2013.11.20"]
[SourceQuality "1"]

1. c4 f5 2. d4 e6 3. Nf3 Nf6 4. Nc3 d5 5. cxd5 exd5 6. Ne5 c6 7. g3 Be6 8. Bg2 Nbd7 9. Nxd7 Qxd7 10. Bf4 Be7 11. Be5 0-0 12. Bxf6 Rxf6 13. e3 Re8 14. Rc1 Bd6 15. a3 f4 16. Rc2 fxe3 17. fxe3 Bf5 18. e4 dxe4 19. 0-0 Bg4 20. Qe1 Rxf1+ 21. Qxf1 e3 22. Qe1 Bc7 23. Ne2 Bxe2 24. Qxe2 Qxd4 25. Bf3 Bb6 26. Kf1 Rf8 27. Kg2 Qf6 28. Be4 Qe5 29. Bf3 g5 30. h4 Bc7 31. Qc4+ Kg7 32. Qc3 gxh4 33. Qxe5+ Bxe5 34. gxh4 Rd8 35. Kf1 Rd2 36. Rxd2 exd2 37. b3 a5 38. Ke2 Bd6 39. a4 Bb4 40. Kd1 Kf6 41. Kc2 Ke5 42. Kd1 Kd4 43. Kc2 Kc5 44. Be2 b5 45. h5 h6 46. Kd3 bxa4 47. bxa4 Kd5 48. Bd1 c5 49. Bb3+ Ke5 50. Bd1 Kf4 51. Ke2 Ke4 52. Bb3 Kd4 53. Kd1 c4 54. Bc2 Kc3 55. Bg6 Kb3 56. Bc2+ Kb2 57. Bg6 1/2-1/2

[Event "MVP-ch Seniors op 12th"]
[Site "Binz"]
[Date "2012.12.02"]
[Round "5"]
[White "Jahns, Reiner"]
[Black "Peleikis, Horst"]
[Result "0-1"]
[WhiteElo "1751"]
[BlackElo "1881"]
[PlyCount "50"]
[EventDate "2012.11.28"]
[EventType "swiss"]
[EventRounds "9"]
[EventCountry "GER"]
[SourceTitle "EXT 2014"]
[Source "ChessBase"]
[SourceDate "2013.11.20"]
[SourceVersion "1"]
[SourceVersionDate "2013.11.20"]
[SourceQuality "1"]

1. d4 Nf6 2. e3 g6 3. Bd3 Bg7 4. f4 d6 5. Nf3 c5 6. c3 0-0 7. 0-0 cxd4 8. exd4 Nc6 9. Qe1 Bg4 10. h3 Bxf3 11. Rxf3 Re8 12. f5 e5 13. d5 Nxd5 14. fxg6 hxg6 15. Be4 Nf4 16. Qf1 d5 17. Bc2 Re7 18. b3 Ne6 19. Bb2 e4 20. Rf2 Rd7 21. Bd1 Qh4 22. Kh1 Qg3 23. Nd2 Ne5 24. c4 e3 25. Nf3 exf2 0-1

[Event "MVP-ch Seniors op 11th"]
[Site "Binz"]
[Date "2011.12.06"]
[Round "7.17"]
[White "Jahns, Reiner"]
[Black "Gudat, Alfons"]
[Result "1/2-1/2"]
[WhiteElo "1794"]
[BlackElo "1901"]
[PlyCount "121"]
[EventDate "2011.11.30"]
[EventType "swiss"]
[EventRounds "9"]
[EventCountry "GER"]
[SourceTitle "EXT 2013"]
[Source "ChessBase"]
[SourceDate "2012.11.22"]
[SourceVersion "1"]
[SourceVersionDate "2012.11.22"]
[SourceQuality "1"]

1. d4 Nf6 2. e3 e6 3. Bd3 b6 4. f4 Bb7 5. Nf3 Be7 6. 0-0 0-0 7. Qe2 d5 8. Nbd2 Nbd7 9. Ne5 c5 10. c3 a5 11. Ndf3 c4 12. Bc2 b5 13. a3 Rc8 14. Bd2 Ne4 15. Nxd7 Qxd7 16. g4 f6 17. Kh1 Bd6 18. Be1 Qe7 19. Qg2 b4 20. axb4 axb4 21. Qh3 g6 22. Qg2 Ra8 23. Rb1 Ra2 24. Nd2 Nxc3 25. bxc3 Rxc2 26. Rf2 Rxc3 27. Nf1 Ra8 28. Bxc3 bxc3 29. Ra2 Ba3 30. Qc2 Bb2 31. Rxa8+ Bxa8 32. Rxb2 cxb2 33. Qxb2 Qa7 34. Nd2 Qb7 35. Qc1 e5 36. Nb1 exd4 37. exd4 Qe7 38. Nc3 Bc6 39. Kg2 Qe6 40. h3 h5 41. Kg3 hxg4 42. hxg4 Bd7 43. Qd1 Qe3+ 44. Qf3 Qxd4 45. Qxd5+ Qxd5 46. Nxd5 Kf7 47. Nc3 Bc6 48. Kf2 Bd7 49. Kf3 Ke7 50. g5 fxg5 51. fxg5 Kd6 52. Ke4 Kc5 53. Ke5 Bf5 54. Na2 Bd3 55. Nc3 Kb4 56. Kd4 Kb3 57. Nd5 Kc2 58. Nc3 Kd2 59. Nd5 Ke2 60. Ne7 Kf3 61. Nxg6 1/2-1/2

[Event "MVP-ch Seniors op 11th"]
[Site "Binz"]
[Date "2011.12.04"]
[Round "5.48"]
[White "Jahns, Reiner"]
[Black "Assmann, Hans"]
[Result "1-0"]
[WhiteElo "1794"]
[BlackElo "1586"]
[PlyCount "55"]
[EventDate "2011.11.30"]
[EventType "swiss"]
[EventRounds "9"]
[EventCountry "GER"]
[SourceTitle "EXT 2013"]
[Source "ChessBase"]
[SourceDate "2012.11.22"]
[SourceVersion "1"]
[SourceVersionDate "2012.11.22"]
[SourceQuality "1"]

1. d4 c5 2. e3 e6 3. c3 Nf6 4. Bd3 cxd4 5. exd4 g6 6. Bg5 h6 7. Bh4 Bg7 8. Qc2 Nc6 9. f4 b6 10. Nf3 d6 11. 0-0 0-0 12. Nbd2 Qc7 13. Rae1 Bb7 14. Ne4 Nxe4 15. Bxe4 d5 16. Bd3 Rac8 17. Qd2 a6 18. Ne5 Nxe5 19. fxe5 b5 20. Bf6 Qd7 21. Rf3 Kh7 22. Rh3 Rh8 23. Rf1 Kg8 24. Rf4 h5 25. g4 Bxf6 26. Rxf6 h4 27. Qg5 Qe8 28. Bxg6 1-0

[Event "MVP-ch Seniors op 11th"]
[Site "Binz"]
[Date "2011.12.02"]
[Round "3.53"]
[White "Jahns, Reiner"]
[Black "Ludwig, Siegfried"]
[Result "1-0"]
[WhiteElo "1794"]
[BlackElo "1471"]
[PlyCount "59"]
[EventDate "2011.11.30"]
[EventType "swiss"]
[EventRounds "9"]
[EventCountry "GER"]
[SourceTitle "EXT 2013"]
[Source "ChessBase"]
[SourceDate "2012.11.22"]
[SourceVersion "1"]
[SourceVersionDate "2012.11.22"]
[SourceQuality "1"]

1. d4 d5 2. f4 Bf5 3. Nf3 Nc6 4. e3 a6 5. c4 Nf6 6. Nc3 e6 7. a3 Bg4 8. Qb3 Bxf3 9. gxf3 b6 10. Bd2 Be7 11. Qc2 0-0 12. h4 Nh5 13. 0-0-0 f5 14. cxd5 exd5 15. Nxd5 Na5 16. Nxe7+ Qxe7 17. Bd3 Rf6 18. Kb1 Rc6 19. Qa4 Qd7 20. Bc3 Nf6 21. e4 h6 22. d5 Nxd5 23. exd5 Qxd5 24. Be4 Qc5 25. Bxc6 Nxc6 26. Rhg1 b5 27. Qb3+ Kf8 28. Bxg7+ Ke8 29. Rge1+ Ne7 30. Qg8# 1-0

[Event "MVP-ch Seniors op 11th"]
[Site "Binz"]
[Date "2011.12.01"]
[Round "2.21"]
[White "Kahn, Peter"]
[Black "Jahns, Reiner"]
[Result "1-0"]
[WhiteElo "1982"]
[BlackElo "1794"]
[PlyCount "78"]
[EventDate "2011.11.30"]
[EventType "swiss"]
[EventRounds "9"]
[EventCountry "GER"]
[SourceTitle "EXT 2013"]
[Source "ChessBase"]
[SourceDate "2012.11.22"]
[SourceVersion "1"]
[SourceVersionDate "2012.11.22"]
[SourceQuality "1"]

1. e4 c5 2. c3 Nc6 3. d4 cxd4 4. cxd4 d5 5. exd5 Qxd5 6. Nf3 e5 7. Nc3 Bb4 8. Bd2 Bxc3 9. Bxc3 e4 10. Ne5 Nxe5 11. dxe5 Ne7 12. Qa4+ Bd7 13. Qa3 Qe6 14. Be2 0-0 15. 0-0 Nd5 16. Bc4 Bc6 17. Rad1 Rfd8 18. Rd4 e3 19. Qb3 exf2+ 20. Rxf2 b5 21. Bd3 Nxc3 22. Qxc3 Rd5 23. Rdf4 Rxe5 24. Rxf7 Re8 25. Rxa7 Re1+ 26. Bf1 Qg6 27. Qb3+ Qe6 28. Qxe6+ R1xe6 29. Rff7 Rg6 30. g3 h5 31. Bd3 Rg5 32. Rfc7 Rd8 33. Bc2 Bf3 34. Bb3+ Kh8 35. Rd7 Rxd7 36. Rxd7 Rc5 37. Kf2 Bg4 38. Rd5 Rxd5 39. Bxd5 g5 1-0

[Event "Mecklenburg VP-ch Seniors op 09th"]
[Site "Binz"]
[Date "2009.12.06"]
[Round "6.14"]
[White "Jahns, Reiner"]
[Black "Klein, Leo"]
[Result "0-1"]
[WhiteElo "1740"]
[BlackElo "1873"]
[PlyCount "74"]
[EventDate "2009.12.01"]
[EventType "swiss"]
[EventRounds "9"]
[EventCountry "GER"]
[SourceTitle "EXT 2022"]
[Source "ChessBase"]
[SourceDate "2021.10.06"]
[SourceVersion "1"]
[SourceVersionDate "2021.10.06"]
[SourceQuality "1"]

1. d4 d5 2. e3 Nf6 3. Bd3 c6 4. f4 Bg4 5. Nf3 e6 6. Nbd2 Bf5 7. 0-0 Nbd7 8. Qe2 Bd6 9. e4 dxe4 10. Nxe4 Nxe4 11. Bxe4 Bxe4 12. Qxe4 Nf6 13. Qe2 0-0 14. c3 Nd5 15. Ne5 c5 16. Be3 Rc8 17. Rad1 Nxe3 18. Qxe3 cxd4 19. cxd4 Rc2 20. Nd3 Qb6 21. Rc1 Rfc8 22. Kh1 g6 23. Rcd1 R2c4 24. f5 exf5 25. Qg5 Qxd4 26. Nb4 Qe5 27. Rxd6 Qxd6 28. a3 a5 29. Na2 Rg4 30. Qe3 Qd5 31. Qf3 Qxa2 32. Qxb7 Qc4 33. Rd1 Rf4 34. h3 Rf1+ 35. Rxf1 Qxf1+ 36. Kh2 Qf4+ 37. g3 Rc2+ 0-1

[Event "Mecklenburg VP-ch Seniors op 09th"]
[Site "Binz"]
[Date "2009.12.04"]
[Round "4.17"]
[White "Jahns, Reiner"]
[Black "Bomert, Egon"]
[Result "0-1"]
[WhiteElo "1740"]
[BlackElo "1948"]
[PlyCount "42"]
[EventDate "2009.12.01"]
[EventType "swiss"]
[EventRounds "9"]
[EventCountry "GER"]
[SourceTitle "EXT 2022"]
[Source "ChessBase"]
[SourceDate "2021.10.06"]
[SourceVersion "1"]
[SourceVersionDate "2021.10.06"]
[SourceQuality "1"]

1. d4 e6 2. e3 b6 3. f4 Bb7 4. Nf3 f5 5. Bd3 Nf6 6. Nbd2 c5 7. c3 Nc6 8. Qe2 Be7 9. 0-0 Qc7 10. Ne5 0-0 11. e4 cxd4 12. exf5 dxc3 13. Nb3 Nb4 14. bxc3 Nxd3 15. Nxd3 Ne4 16. fxe6 dxe6 17. Nf2 Nxf2 18. Qxe6+ Kh8 19. Rxf2 Rae8 20. Qg4 Bc5 21. Nxc5 Re1+ 0-1

[Event "Mecklenburg VP-ch Seniors op 09th"]
[Site "Binz"]
[Date "2009.12.02"]
[Round "2.19"]
[White "Jahns, Reiner"]
[Black "Meier, Wolfgang"]
[Result "0-1"]
[WhiteElo "1740"]
[BlackElo "1995"]
[PlyCount "84"]
[EventDate "2009.12.01"]
[EventType "swiss"]
[EventRounds "9"]
[EventCountry "GER"]
[SourceTitle "EXT 2022"]
[Source "ChessBase"]
[SourceDate "2021.10.06"]
[SourceVersion "1"]
[SourceVersionDate "2021.10.06"]
[SourceQuality "1"]

1. d4 Nf6 2. e3 d5 3. f4 Bf5 4. Bd3 e6 5. Nf3 c6 6. 0-0 Bd6 7. Ne5 Nbd7 8. Nd2 Bxd3 9. cxd3 c5 10. e4 cxd4 11. Nxf7 Kxf7 12. e5 Be7 13. exf6 Bxf6 14. Nf3 Re8 15. Ng5+ Kg8 16. Nf3 Qb6 17. b3 a5 18. Ba3 Rac8 19. Rc1 Rc6 20. Rf2 Rec8 21. Rfc2 Nb8 22. Rxc6 Rxc6 23. Rxc6 Nxc6 24. Qe1 Nb4 25. Bxb4 axb4 26. Qd2 Qc5 27. Kf2 Kf7 28. Ke2 Qc3 29. Ne1 Qxd2+ 30. Kxd2 g5 31. fxg5 Bxg5+ 32. Ke2 e5 33. Nc2 Be7 34. Kf3 Kg6 35. h3 Kg5 36. g4 Bd6 37. Ne1 Kh4 38. Kg2 e4 39. dxe4 dxe4 40. Kf1 Kxh3 41. Nc2 Bc5 42. Ke1 d3 0-1

[Event "GER Seniors Derby 02nd"]
[Site "Wesel/Heidelust"]
[Date "2003.03.14"]
[Round "3"]
[White "Jahns, Reiner"]
[Black "Weiss, Siegfried"]
[Result "0-1"]
[WhiteElo "1821"]
[BlackElo "2093"]
[PlyCount "90"]
[EventDate "2003.03.13"]
[EventType "swiss"]
[EventRounds "7"]
[EventCountry "GER"]
[SourceTitle "EXT 2006"]
[Source "ChessBase"]
[SourceDate "2005.11.24"]
[SourceVersion "1"]
[SourceVersionDate "2005.11.24"]
[SourceQuality "1"]

1. d4 Nf6 2. e3 g6 3. f4 d6 4. Bd3 Bg7 5. Nf3 c5 6. c3 Nc6 7. 0-0 0-0 8. Nbd2 Bg4 9. Qe1 cxd4 10. exd4 Qd7 11. Nh4 e6 12. h3 Bf5 13. Bc4 d5 14. Bb3 Bd3 15. Rf2 Ne4 16. Rf3 Nxd2 17. Rxd3 Ne4 18. Nf3 f5 19. Be3 b5 20. a3 a5 21. Rc1 Rac8 22. Ne5 Qe7 23. Bf2 Bf6 24. h4 Kh8 25. Rh3 Qa7 26. Be3 Rg8 27. Nf3 b4 28. Ng5 Qe7 29. h5 gxh5 30. Nxe4 fxe4 31. Rxh5 bxa3 32. bxa3 Qxa3 33. Qd1 Ne7 34. Rh3 Nf5 35. Bd2 Rg7 36. Ba4 Rcg8 37. Kh1 Rxg2 38. Rxh7+ Kxh7 39. Qh5+ Nh6 40. f5 Rxd2 41. Rb1 Rb2 42. Rf1 Qxc3 43. Be8 Rg5 44. Bg6+ Kg7 45. Qxg5 Qh3+ 0-1

[Event "GER Seniors Derby 02nd"]
[Site "Wesel/Heidelust"]
[Date "2003.03.13"]
[Round "2"]
[White "Helm, Dieter"]
[Black "Jahns, Reiner"]
[Result "0-1"]
[WhiteElo "1636"]
[BlackElo "1821"]
[PlyCount "78"]
[EventDate "2003.03.13"]
[EventType "swiss"]
[EventRounds "7"]
[EventCountry "GER"]
[SourceTitle "EXT 2006"]
[Source "ChessBase"]
[SourceDate "2005.11.24"]
[SourceVersion "1"]
[SourceVersionDate "2005.11.24"]
[SourceQuality "1"]

1. e4 g6 2. d4 d6 3. Nf3 Bg7 4. Be2 Nf6 5. Nc3 0-0 6. 0-0 c5 7. h3 cxd4 8. Nxd4 Qb6 9. Rb1 Nxe4 10. Nd5 Nxf2 11. Nxe7+ Kh8 12. Kxf2 Bxd4+ 13. Ke1 Be6 14. c4 Be5 15. Qb3 Qc7 16. Nd5 Bxd5 17. cxd5 Re8 18. Bd2 Qe7 19. Qf3 Nd7 20. Kd1 Bg7 21. Bb5 a6 22. Bxd7 Qxd7 23. Bc3 Bxc3 24. Qxc3+ Kg8 25. b3 Rac8 26. Qf3 Re5 27. Re1 Rc5 28. Rxe5 dxe5 29. Ke1 Rxd5 30. Rc1 f5 31. Qc3 Kf7 32. Qc7 Ke7 33. Qb6 Rb5 34. Qc7 Rd5 35. Qb6 Rd6 36. Qa5 Ke6 37. Rc7 Rd1+ 38. Ke2 Qd3+ 39. Kf2 Qf1+ 0-1